000 00697nam a2200193Ia 4500
005 20250508155429.0
008 008 250505s9999 xx 000 0 eng d
037 _aBooks to be hide in OPAC
040 _aFEDL
_beng
_cFEDL
041 _aeng
_2eng
084 _a371.27, UTT/O
_qFEDL
245 0 _aProspectus of the arts, science, commerce, agriculture, music and military science examinations of the board of high school and intermediate education, united provinces, for 1941
245 0 _cBOARD OF HIGH SCHOOL AND INTERMEDIATE EDUCATION. ALLAHABAD
260 _c1939
300 _aii,220p.
365 _aINR
_b0.5
942 _cHB
_h371.27, UTT/O
999 _c1356819
_d1356819